| 000 | 00526nam a2200217Ia 4500 | ||
|---|---|---|---|
| 008 | 150909s9999 xx 000 0 und d | ||
| 041 | _aEnglish | ||
| 082 | _a574 | ||
| 082 | _bCHR/PL | ||
| 100 | _aChrispeels M.J | ||
| 100 | _aSadava D | ||
| 245 | _aPlants ,food and people | ||
| 260 | _aUSA | ||
| 260 | _bW.H freeman and co | ||
| 260 | _c1977 | ||
| 300 | _a278 Pages | ||
| 365 | _aUSD.7.95 | ||
| 440 | _aA series of books in biology | ||
| 650 | _aNutrin/ food supply/ Biology | ||
| 942 | _cBK | ||
| 999 |
_c249717 _d249717 |
||